000 00874nam a22002177i 4500
003 URS
005 20230217152258.0
008 190529b ||||| |||| 00| 0 eng d
040 _beng
_erda
_cURS Pililla Library
082 0 0 _bT BSE MAPEH2 2012
100 1 _aCustodio, Ma.Eloisa S.
_eresearcher
245 1 0 _aLevel of awareness on the implementation of republic act 9211 in Tanay town proper Tanay, Rizal , calendar year 2011 /
_cMa. Eloisa S. Custodio
300 _axvi, 88 leaves;
_c28 cm.
336 _atext
_btxt
_2rdacontent
337 _aunmediated
_bn
_2rdamedia
338 _avolume
_bnc
_2rdacarrier
502 _aThesis
_bBachelor of Secondary Education Major in MAPEH
_cUniversity of Rizal System Pililla
700 1 _aCatapusan, Edna A.
_eadviser
856 _uhttps://drive.google.com/file/d/1I69sr_7aWqpg43mHfJ5IGRczN0FZYeVi/view?usp=share_link
942 _2ddc
_cT
999 _c8858
_d8858